000 01408cam a22003614i 4500
999 _c63611
_d63611
001 768714001
003 CO-MdFUSB
005 20200414213159.0
007 cr cn|||||||||
008 201002t2009 sp ||||gs|||||||||||spa d
020 _a9788481699616
_zelectronico
040 _aCO-MdFUSB
_bspa.
_cCO-MdFUSB
_dCO-MdFUSBC
_erda
041 _aspa
082 0 4 _a291.8
_222
100 1 _aSánchez Bosch, Jordi.
_eautor
245 1 _aMaestro de los pueblos :
_buna teología de Pablo, el apóstol
_c/ Jordi Sánchez Bosch.
_h[recurso electrónico]
264 1 _aEspaña :
_bVerbo Divino,
_c[2009]
264 4 _c© 2009
300 _arecurso en línea (735 páginas)
_c;
336 _2rdacontent
_atexto
_btxt
337 _2rdamedia
_ainformático
_bc
338 _2rdacarrier
_aremoto
_bcr
347 _2rda
_afichero de texto
_bHtml
504 _aIncluye Bibliografía
505 _aLa revelacion de Dios. -- Jesús el hijo de Dios. -- La salvación del hombre. -- Israel y la iglesia.
516 _a texto electrónico
538 _aAcceso a Internet; requiere usuario y clave asignada por la biblioteca
650 4 _aTeología.
856 4 0 _uhttp://site.ebrary.com/lib/unisbcsp/Doc?id=10357284
_b10357284
_zAbrir Versión electrónica del libro Maestro de los pueblos una teología de Pablo, el apóstol
942 _cBK
945 _aJTF-925